[Event "Mitropa Cup Open 2019"]
[Site "Radenci"]
[Date "2019.05.29"]
[Round "3.1"]
[White "Nguyen, Thai Dai Van"]
[Black "Mihok, Oliver"]
[Result "1/2-1/2"]
[WhiteElo "2548"]
[BlackElo "2541"]
[Annotator "TA"]
[PlyCount "102"]
[EventDate "2019.05.27"]
[EventType "team-tourn"]
[EventCountry "SLO"]
[SourceTitle "playchess.com"]
[Source "ChessBase"]
[SourceQuality "1"]
[WhiteTeam "Czech Republic"]
[BlackTeam "Hungary"]
[WhiteTeamCountry "CZE"]
[BlackTeamCountry "HUN"]

{[%evp 28,102,37,33,41,32,30,31,31,24,16,24,47,44,49,44,37,47,51,40,48,30,44,39,44,41,40,40,46,40,43,44,60,73,77,34,35,35,35,34,40,29,56,50,44,31,56,35,42,37,41,38,35,37,41,39,75,41,95,21,22,0,25,0,0,0,7,0,0,0,0,0,0,0,0,0,0]} 1. e4 c5 2. Nf3 e6 3. d4 cxd4 4. Nxd4 Nc6 5. Nc3 Qc7 6. Be2 a6 7. O-O Nf6 8. Be3 Bb4 9. Na4 Be7 10. Nxc6 bxc6 11. Nb6 Rb8 12. Nxc8 Qxc8 13. Bd4 c5 14. Be5 Rb6 15. Qd3 d6 {B49: Sicilian: Taimanov: 5 Nc3 Qc7 6 Be3 a6 7 Be2} 16. Bc3 O-O 17. Rad1 d5 {White is slightly better.} (17... Qc6 18. e5 Nd5 19. Bf3 c4 20. Qd2 dxe5 21. Bxe5 Rd8 22. b3 Rb5 23. bxc4 Qxc4 {1-0 (88) Ponomariov,R (2709)-Neiksans,A (2631) Tallinn 2016}) 18. exd5 Nxd5 19. Be5 Bf6 20. Bxf6 Nxf6 21. b3 h6 22. Qd2 $146 ({Predecessor:} 22. Qc3 Qc7 {0-1 (69) Swiercz,D (2472)-Macieja,B (2607) Chotowa 2009}) 22... Qc7 23. Qa5 Rfb8 24. Rd3 Nd5 25. Bf3 c4 26. Rd4 cxb3 27. cxb3 ({Much weaker is} 27. Bxd5 bxc2 28. Rc4 Qe5 $17) 27... Rb5 28. Qxc7 Nxc7 29. Rc1 Nd5 30. Bxd5 exd5 $14 {[%mdl 4096] Endgame KRR-KRR} 31. Ra4 a5 32. Kf1 Re8 33. f3 Kf8 34. Kf2 Re6 35. Rc7 Re7 36. Rc8+ Re8 37. Rc2 Re6 38. h4 h5 39. Rc8+ Re8 $1 {[%cal Re8c8]} 40. Rc3 g6 41. Rd4 Re5 42. Kg3 Ke8 (42... Ke7 $14) 43. Rc8+ (43. a4 $16 Rb4 44. Rxb4 axb4 45. Rd3) 43... Kd7 $11 44. Rf8 Re7 45. Rf4 Ke6 {The position is equal.} 46. Ra8 Rd7 47. Ra6+ Ke7 48. Rd4 Rd6 49. Ra7+ Rd7 50. Ra6 Rd6 51. Ra7+ Rd7 {Accuracy: White = 55%, Black = 64%.} 1/2-1/2

[Event "Mitropa Cup Open 2019"]
[Site "Radenci"]
[Date "2019.05.29"]
[Round "3.2"]
[White "Nagy, Gabor"]
[Black "Vykouk, Jan"]
[Result "1-0"]
[WhiteElo "2471"]
[BlackElo "2451"]
[Annotator "TA"]
[PlyCount "91"]
[EventDate "2019.05.27"]
[EventType "team-tourn"]
[EventCountry "SLO"]
[SourceTitle "playchess.com"]
[Source "ChessBase"]
[SourceQuality "1"]
[WhiteTeam "Hungary"]
[BlackTeam "Czech Republic"]
[WhiteTeamCountry "HUN"]
[BlackTeamCountry "CZE"]

{[%evp 12,91,17,6,44,7,16,15,40,39,47,42,51,43,79,86,79,64,74,62,85,41,53,53,72,64,68,68,81,79,76,-41,-4,-46,0,0,0,0,0,0,0,-22,-23,-22,-1,-44,52,0,0,0,0,0,35,31,319,332,421,421,409,400,431,431,429,429,429,429,884,994,1151,1143,29968,29968,6306,6320,29993,29994,29994,29995,29995,29996,29996,389]} 1. Nf3 Nf6 2. c4 b6 3. g3 Bb7 4. Bg2 g6 5. O-O Bg7 6. d4 O-O 7. Qc2 Be4 {A50: Queen's Fianchetto Defence (1 d4 Nf6 2 c4 b6)} (7... e6 8. Nc3 d5 9. Ne5 c6 10. Rd1 Nbd7 11. e4 dxe4 12. Nxe4 Nxe4 13. Bxe4 Qc7 14. Nxd7 Qxd7 15. Be3 {1-0 (47) Xiong,J (2672)-Mamedyarov,S (2817) chess.com INT 2019}) 8. Qd2 Bb7 9. Nc3 Ne4 {The position is equal.} 10. Nxe4 Bxe4 11. Qf4 $146 ({Predecessor:} 11. b3 c5 12. Bb2 cxd4 13. Bxd4 Bb7 14. Bxg7 Kxg7 15. Rfd1 {1-0 (44) Steiner,S (2337)-Teuschler,B (2172) Austria 2018}) 11... Bxf3 12. Qxf3 c6 13. Rd1 Na6 14. Rb1 Nc7 15. b4 b5 16. cxb5 Nxb5 17. Bb2 d5 18. a4 Nd6 19. b5 {[%mdl 64] Decoy} cxb5 20. Qxd5 Rb8 21. Qa2 ({Better is} 21. Ba3 $16) 21... Qa5 $15 22. Ra1 bxa4 23. Bc1 Nb5 24. Bd2 Qb6 25. e3 e5 26. dxe5 Bxe5 27. Rab1 a3 28. Bb4 Bb2 (28... Rfd8 $15 29. Rxd8+ Rxd8) 29. Bf1 (29. Bxf8 $14 Rxf8 30. Rxb2 axb2 31. Qxb2) 29... a5 30. Bxf8 Nc3 {[%mdl 64] Double Attack} 31. Qc4 a2 32. Bc5 axb1=Q $4 {[%mdl 8192]} (32... Nxd1 $14 33. Qxa2 (33. Rxd1 Qb3 $15) 33... Qd8) 33. Rxb1 $18 Qb3 {[#]} 34. Rxb2 $1 {[%mdl 512]} Qxb2 35. Bd4 Qb3 {Hoping for ...Qxc4.} 36. Qc7 ({And not} 36. Qxc3 Qxc3 37. Bxc3 a4 $11) ({Worse is} 36. Bxc3 Qxc4 37. Bxc4 Rc8 $11) 36... Nd5 37. Qe5 {[%csl Gd4][%cal Re5h8]} f6 38. Qe6+ Kf8 (38... Kg7 $142 39. e4 Rf8 40. exd5 Rf7) 39. e4 Ne7 40. Bc4 {[%csl Gc4][%cal Re6f7]} Qd1+ 41. Kg2 {[%csl Gc4][%cal Re6f7]} Ke8 42. Qxf6 {Threatening mate with Bf7+.} Rb1 43. Bf7+ {White mates.} Kd7 44. Qe6+ Kd8 45. Qd6+ Kc8 46. Be6+ {Accuracy: White = 60%, Black = 35%.} 1-0

[Event "Mitropa Cup Open 2019"]
[Site "Radenci"]
[Date "2019.05.29"]
[Round "3.3"]
[White "Kraus, Tomas"]
[Black "Kozak, Adam"]
[Result "1/2-1/2"]
[WhiteElo "2463"]
[BlackElo "2458"]
[Annotator "TA"]
[PlyCount "71"]
[EventDate "2019.05.27"]
[EventType "team-tourn"]
[EventCountry "SLO"]
[SourceTitle "playchess.com"]
[Source "ChessBase"]
[SourceQuality "1"]
[WhiteTeam "Czech Republic"]
[BlackTeam "Hungary"]
[WhiteTeamCountry "CZE"]
[BlackTeamCountry "HUN"]

{[%evp 9,71,0,0,-7,0,0,0,19,13,0,36,29,30,22,37,25,26,20,13,29,37,0,18,35,61,20,23,0,0,0,78,70,78,72,79,77,77,85,137,122,79,-18,143,89,94,0,351,64,77,65,75,33,33,40,285,47,295,47,47,0,281,0,48,0]} 1. e4 c5 2. Nc3 d6 3. d4 cxd4 4. Qxd4 Nc6 5. Qd2 Nf6 6. b3 {B23: Closed Sicilian: Lines without g3} a6 7. Bb2 b5 8. f3 {The position is equal.} e6 9. O-O-O h5 10. Nh3 Bb7 $146 ({Predecessor:} 10... Be7 11. Ng5 {1-0 (31) Carlsen,M (2843)-Wojtaszek,R (2744) Shamkir 2018}) 11. Ng5 Rc8 12. Kb1 Be7 13. f4 Qa5 14. Be2 O-O 15. Bf3 Rc7 16. Rhe1 b4 17. Ne2 Rfc8 18. h4 Na7 19. a4 $1 d5 (19... Rxc2 $11 {keeps the balance.} 20. Qe3 R8c7) 20. e5 $1 $16 {[%cal Re5f6]} Ne4 $1 {[%cal Re4d2]} 21. Bxe4 dxe4 22. Nd4 Bxg5 23. hxg5 Bd5 ({Black should try} 23... Nc6) 24. Qe2 g6 25. g4 (25. Rd2 $16) 25... Nc6 $2 (25... Rxc2 $1 $11 26. Nxc2 Bxb3) 26. Nxc6 (26. Rd2 $142) 26... Rxc6 27. Rc1 (27. Rd2 $16) 27... hxg4 $2 {[%mdl 8192]} (27... e3 $1 $11 {and Black is okay.} 28. gxh5 Be4 29. hxg6 (29. Qxe3 Bxc2+ 30. Ka1 gxh5 $15) 29... Rxc2 30. gxf7+ (30. Rxc2 $2 {perishes.} Bxc2+ 31. Qxc2 Rxc2 $19) 30... Kxf7 31. Rxc2 Bxc2+ 32. Ka1 Bxb3 33. Qh5+ Kg7 34. Qh6+ Kg8 35. Qg6+ Kf8 36. Qh6+ Kg8 37. Qg6+ Kf8 38. Qh6+ Kg8) 28. Qxg4 $2 (28. Qh2 $1 $18 {White wants to mate with Rh1.} Kf8 29. Qh8+ Ke7 30. Qf6+ Ke8 31. Rh1) 28... Qc7 {[%cal Rc6c2]} 29. Qd1 Kf8 30. Re3 Ke7 31. Rh3 a5 $2 {[#]} ({Black should play} 31... Qb6 $14) 32. Rh7 $2 (32. f5 $1 $18 {[%cal Rf5g6][%mdl 512] And now fxg6 would win.} e3 (32... exf5 33. Qxd5) 33. f6+ Kd7 34. Rh7 (34. Rxe3 Rh8 $16)) 32... Rc5 $2 {[#]} ({Better is} 32... Rd8 $14 33. Qe2 Qb6) 33. Bd4 $2 ({Only move:} 33. c4 $1 $18) 33... Rc6 $14 {...Bxb3! is the strong threat.} 34. Bb2 $2 (34. Rh3 $14) 34... Rc5 $18 {[#]} 35. Bd4 $2 (35. c4 $1 $18) 35... Rc6 $14 {White must now prevent ...Bxb3!} 36. Bb2 {Accuracy: White = 32%, Black = 47%.} 1/2-1/2

[Event "Mitropa Cup Open 2019"]
[Site "Radenci"]
[Date "2019.05.29"]
[Round "3.4"]
[White "Csiki, Endre"]
[Black "Miesbauer, Jan"]
[Result "1/2-1/2"]
[WhiteElo "2362"]
[BlackElo "2407"]
[Annotator "TA"]
[PlyCount "67"]
[EventDate "2019.05.27"]
[EventType "team-tourn"]
[EventCountry "SLO"]
[SourceTitle "playchess.com"]
[Source "ChessBase"]
[SourceQuality "1"]
[WhiteTeam "Hungary"]
[BlackTeam "Czech Republic"]
[WhiteTeamCountry "HUN"]
[BlackTeamCountry "CZE"]

{[%evp 29,67,18,17,20,14,16,54,48,62,57,57,50,64,57,62,50,125,129,123,97,89,96,89,89,56,38,29,0,0,0,0,0,0,0,0,0,0,0,0,0]} 1. e4 e5 2. Nf3 Nc6 3. Bb5 a6 4. Ba4 Nf6 5. O-O Be7 6. Re1 b5 7. Bb3 d6 8. c3 O-O 9. d4 Bg4 10. Be3 exd4 11. cxd4 Na5 12. Bc2 Nc4 13. Bc1 c5 14. b3 Na5 15. d5 Nd7 {[#] aiming for ...Bf6.} 16. Nbd2 {C91: Closed Ruy Lopez: 7...d6 8 c3 0-0 9 d4} Bf6 17. Rb1 Ne5 (17... Bc3 18. h3 Bxf3 19. Qxf3 b4 20. Rd1 c4 21. bxc4 Ne5 22. Qe2 Qc7 23. f4 Ng6 {1-0 (76) Idani,P (2552)-Zubov,A (2606) Rasht 2017}) 18. h3 {White is slightly better.} Bxf3 19. Nxf3 Nxf3+ 20. Qxf3 c4 21. b4 Nb7 22. Bd2 $146 ({Predecessor:} 22. Bb2 Bxb2 23. Rxb2 Qe7 {½-½ (58) Osmanovic,K-Stupica,J Cateske Toplice 1968}) 22... a5 ({Black should try} 22... Be5 $14) 23. bxa5 $16 Qd7 24. Bb4 Nxa5 {[#]} 25. e5 $1 {[%cal Re5f6]} Bxe5 26. Rxe5 dxe5 27. Bxf8 (27. Bf5 $5 {[%cal Rf5d7]} Qb7 28. Bxf8 Rxf8 29. Qc3 $11) 27... Rxf8 28. Qe4 {[%csl Gc2][%cal Re4h7]} g6 {The position is equal.} 29. Qxe5 Nb7 30. a4 bxa4 31. Bxa4 Qxa4 32. Rxb7 Qd1+ 33. Kh2 c3 34. Qxc3 {Accuracy: White = 80%, Black = 65%.} 1/2-1/2

[Event "Mitropa Cup Open 2019"]
[Site "Radenci"]
[Date "2019.05.29"]
[Round "3.5"]
[White "Stella, Andrea"]
[Black "Perske, Thore"]
[Result "1-0"]
[WhiteElo "2511"]
[BlackElo "2456"]
[Annotator "TA"]
[PlyCount "101"]
[EventDate "2019.05.27"]
[EventType "team-tourn"]
[EventCountry "SLO"]
[SourceTitle "playchess.com"]
[Source "ChessBase"]
[SourceQuality "1"]
[WhiteTeam "Italy"]
[BlackTeam "Germany"]
[WhiteTeamCountry "ITA"]
[BlackTeamCountry "GER"]

{[%evp 18,101,24,20,37,39,38,38,42,37,37,37,37,37,37,38,37,40,35,35,47,38,43,36,33,28,30,27,35,22,29,21,20,20,21,14,11,0,0,0,0,0,21,36,31,13,9,10,19,12,18,8,41,40,39,34,45,45,64,64,63,53,56,56,66,66,66,65,120,112,90,86,160,0,92,0,162,160,781,733,676,669,29978,29979,29974,29974]} 1. d4 Nf6 2. c4 g6 3. g3 Bg7 4. Bg2 O-O 5. Nc3 d6 6. Nf3 Nc6 7. O-O e5 8. dxe5 dxe5 9. Bg5 Be6 10. Nd2 h6 {E62: King's Indian: Fianchetto: 6...c6 and Panno Variation (6...Nc6) without ...a6} 11. Bxf6 Bxf6 12. Nde4 Be7 {White is slightly better.} 13. Qc1 Kg7 14. Rd1 Qe8 15. Nd5 Rc8 16. Nxe7 Qxe7 17. Nc3 {[#]} Qc5 $146 ({Predecessor:} 17... Bxc4 18. b3 {1-0 (47) Vidit,S (2658)-Onischuk,V (2612) Martuni 2016}) 18. b3 Rfd8 19. Na4 Rxd1+ 20. Qxd1 Qd6 21. Qxd6 cxd6 22. Nc3 Kf8 23. Rd1 Ke7 24. Nb5 Rd8 25. f4 a6 26. Nc3 f5 27. Kf2 e4 28. g4 Nb4 29. h4 b5 30. h5 bxc4 31. hxg6 {Hoping for gxf5.} cxb3 32. gxf5 Bxf5 33. axb3 Bxg6 34. Bxe4 Bxe4 35. Nxe4 $14 {[%mdl 4096] Endgame KRN-KRN} d5 36. Ng3 Rf8 37. Kf3 Rc8 38. Rh1 Rc3+ 39. Kg4 Rxb3 40. Rxh6 a5 41. Nf5+ Kd7 42. Rh7+ Ke8 ({Better is} 42... Kd8 $14) 43. Nd6+ Kd8 44. Nb7+ Ke8 {[#]} (44... Kc8 $142) 45. Nd6+ ({Don't take} 45. Nxa5 $6 Re3 $14) (45. f5 $142 $1 Rb1 46. Kg5 (46. Nxa5 Rg1+ 47. Kf4 Rg2 $16)) 45... Kd8 $1 $16 46. Nb7+ (46. Nf7+ $16 Kd7 47. Ne5+ {[%mdl 64] Discovered Attack (Double check)} Kd8 48. Ra7) 46... Ke8 $1 $18 {[#]} 47. f5 $1 ({But not} 47. Nxa5 $6 Re3 $14) 47... Re3 $2 (47... Nc6 $16) 48. Nd6+ Kd8 49. f6 Nc6 50. f7 Ne5+ 51. Kf4 {Accuracy: White = 79%, Black = 64%.} 1-0

[Event "Mitropa Cup Open 2019"]
[Site "Radenci"]
[Date "2019.05.29"]
[Round "3.6"]
[White "Kunin, Vitaly"]
[Black "Sonis, Francesco"]
[Result "1-0"]
[WhiteElo "2518"]
[BlackElo "2475"]
[Annotator "TA"]
[PlyCount "119"]
[EventDate "2019.05.27"]
[EventType "team-tourn"]
[EventCountry "SLO"]
[SourceTitle "playchess.com"]
[Source "ChessBase"]
[SourceQuality "1"]
[WhiteTeam "GER"]
[BlackTeam "ITA"]
[BlackTeamCountry "ITA"]

{[%evp 25,119,-12,14,16,31,22,14,6,0,8,20,13,72,77,77,68,76,0,0,0,0,-54,-51,-61,-48,-84,-75,-97,-103,-116,-100,-137,-121,-167,-139,-166,-130,-247,-183,-228,-194,-208,-94,-244,-148,-169,-168,-176,-176,-176,-165,-197,-197,-213,-198,-302,-181,-213,-194,-212,-218,-379,-378,-550,-525,-479,-440,-478,-447,-461,-427,-400,0,-331,-368,-577,-310,-641,-451,-524,-383,-508,0,-207,100,90,114,106,668,641,6079,6079,29996,-335,29997,29998]} 1. d4 Nf6 2. c4 e6 3. Nf3 b6 4. a3 Bb7 5. Nc3 d5 6. cxd5 Nxd5 7. e3 Be7 8. Bb5+ c6 9. Bd3 O-O 10. O-O c5 11. e4 Nxc3 12. bxc3 Qc7 13. Qe2 Nd7 14. a4 {E12: Queen's Indian: Unusual White 4th moves, 4 a3, 4 Nc3 Bb7 5 a3 and 4 Nc3 Bb7} Rfd8 15. Bd2 Rac8 (15... Nf8 16. a5 Ng6 17. g3 Bc6 18. h4 h6 19. Rfe1 Bf6 20. h5 Nf8 21. Bf4 Qe7 {1-0 (42) Wojtaszek,R (2745)-El Debs,F (2531) Tbilisi 2017}) 16. a5 {The position is equal.} bxa5 17. Rfb1 Ba8 18. g3 e5 $146 (18... Bf6 $11 {keeps the balance.}) ({Predecessor:} 18... Bd6 19. Ra2 h6 20. Kg2 Nb8 21. Rba1 cxd4 22. cxd4 Bb4 23. Rxa5 Bxa5 24. Bxa5 {½-½ (71) Naumenko,A (2286)-Enin,A (2241) ICCF email 2015}) 19. Ba6 $16 Rb8 20. Rxb8 Rxb8 21. dxe5 ({White should play} 21. d5 $16) 21... Nxe5 $11 22. Nxe5 Qxe5 23. Bd3 {[#]} (23. f3 $11) 23... c4 $1 $15 {[%cal Rc4d3][%mdl 512]} 24. Bc2 (24. Bxc4 Qxe4) 24... Rc8 25. Qe1 Bd8 26. Bf4 Qe6 27. f3 Bb6+ 28. Kg2 Bc6 29. g4 Rd8 30. Rd1 Rd7 31. h4 (31. g5 $17) 31... h6 32. h5 a4 $1 {[%cal Ba5a4,Ba4a3][%mdl 32]} 33. Ra1 Ba5 (33... Qf6 $19 {and Black stays clearly on top.} 34. Bg3 g6 35. hxg6 fxg6 36. Bxa4 Bxa4 37. Rxa4 Rd3 {[%mdl 64] Double Attack}) 34. Rb1 (34. Kg3 $17 {keeps fighting.}) 34... Rd8 35. Kg3 Qe7 36. Ra1 a3 $1 37. Ra2 Bb6 38. Qc1 Bc5 39. Qf1 Qe6 40. e5 (40. Qc1 $142) 40... Bd5 (40... g5 $142 41. hxg6 fxg6 42. Bxh6 Qxe5+ 43. Bf4 Qe6) 41. Bf5 Qb6 42. Qe2 Be6 43. Bc2 $2 {[#]} (43. Bxe6 {was necessary.} Qxe6 44. Qe4) 43... Rd3 $1 $19 {[%mdl 512]} 44. Ra1 (44. Qe1 {only move.} Qb7 45. Bxd3 cxd3 46. Rd2) (44. Bxd3 cxd3) 44... Rxc3 {...Bd5 is the strong threat.} 45. Rb1 Qd8 46. Rd1 Qa8 {Threatens to win with ...Bd5.} 47. Be4 Qb8 48. Bb1 {and the idea Qe4 leaves White hopeful.} Qa8 {Strongly threatening ...Bd5.} 49. Be4 Qc8 50. g5 (50. Qd2 $142 Bb4 51. Qd4) 50... Rb3 51. Qd2 $2 (51. Bc2 Bb6 52. gxh6) 51... hxg5 52. Bxg5 {intending h6.} Bf8 53. h6 {And now hxg7 would win.} Rb2 $2 (53... Qc5 $19 54. Bf4 gxh6) 54. Qe3 $2 (54. Qa5 $11 gxh6 55. Rd8 hxg5 56. Rxc8 Bxc8 57. Qd8) 54... Qc7 $2 {[#]} (54... a2 $1 $19 55. Qxa7 gxh6) 55. Rd8 $1 $16 {[%mdl 512] White threatens h7+ and mate.} Rb8 {[#]} ({Wrong is} 55... Qxe5+ $2 56. Bf4 $18) 56. hxg7 $1 {[%csl Gd8][%cal Rg7f8][%mdl 512]} Rxd8 $4 {[%mdl 8192] [#]} (56... Qxe5+ $16 57. f4 Qxg7 58. Rxb8 a2 59. Rxf8+ {[%mdl 64] Remove Defender} (59. Qa3 f5 $11) 59... Kxf8 60. Qa3+ {[%mdl 64] Double Attack} Kg8 61. Qxa2 Qc3+ 62. Bf3 a5) (56... Kxg7 57. Bf6+) 57. Bf6 $1 $18 {Threatening mate with Qh6.} Bxg7 {[#]} 58. Qg5 $1 {[%csl Gf6][%cal Rg5g7][%mdl 512]} Kf8 59. Qxg7+ Ke8 {[#]} 60. Bc6+ $1 {[%mdl 512] Accuracy: White = 42%, Black = 50%.} 1-0

[Event "Mitropa Cup Open 2019"]
[Site "Radenci"]
[Date "2019.05.29"]
[Round "3.7"]
[White "Shytaj, Luca"]
[Black "Lagunow, Raphael"]
[Result "0-1"]
[WhiteElo "2490"]
[BlackElo "2420"]
[Annotator "TA"]
[PlyCount "82"]
[EventDate "2019.05.27"]
[EventType "team-tourn"]
[EventCountry "SLO"]
[SourceTitle "playchess.com"]
[Source "ChessBase"]
[SourceQuality "1"]
[WhiteTeam "ITA"]
[BlackTeam "GER"]
[BlackTeamCountry "GER"]

{[%evp 9,82,12,10,3,28,0,0,0,52,-10,0,0,0,-84,-84,-93,-84,-84,-77,-78,-64,-64,-66,-72,-67,-125,-120,-111,-115,-170,-131,-189,-176,-179,-157,-140,-147,-143,-131,-134,-138,-189,-198,-214,-93,-97,-119,-98,-87,-184,-167,-188,-179,-182,-184,-193,-183,-273,-154,-416,-157,-414,-404,-404,-407,-563,-531,-574,-551,-695,-676,-1745,-640,-630,-587]} 1. d4 d5 2. Bf4 Nf6 3. e3 c5 4. dxc5 (4. c3 Nc6 5. Nd2 Qb6 6. Qb3 Nh5 7. Qxb6 axb6 8. Bc7 cxd4 9. exd4 e5 10. Bxe5 Nxe5 11. dxe5 Bc5 12. g3 O-O {1-0 (76) Aronian,L (2765)-Caruana,F (2832) London 2018}) 4... e6 5. b4 a5 6. c3 {D00: 1 d4 d5: Unusual lines} Be7 7. Nd2 O-O 8. Ngf3 {The position is equal.} b6 $146 (8... axb4 $11 9. cxb4 b6) ({Predecessor:} 8... axb4 9. cxb4 b6 10. cxb6 Bxb4 11. Bc7 Qe7 {0-1 (26) Thieme,J-Kahl,F DESC email 2006}) 9. a4 (9. cxb6 $1 $14 Qxb6 10. b5) 9... axb4 10. cxb4 bxc5 11. b5 (11. bxc5 $11 {remains equal.} Bxc5 12. Bb5) 11... c4 $17 12. Be2 Nbd7 13. O-O Bb7 14. Qc2 Nh5 15. Be5 $1 {[%cal Re5c3]} Nxe5 16. Nxe5 Nf6 17. Rfb1 ({White should try} 17. Qc3 $15) 17... Bd6 $1 {[%cal Rd6e5]} 18. Qc3 Bc7 19. Nef3 (19. Qd4 $17) 19... Bb6 20. Ra2 (20. Rd1 $17 {was necessary.}) 20... Nd7 $19 21. Nd4 Ba5 22. Qa3 Qc7 23. Rc2 Qc5 24. Qa1 Qd6 25. Ra2 (25. Rd1 $17 {might work better.}) 25... Nc5 26. N4f3 c3 (26... Qc7 $19 27. Nf1 f6) 27. Nb3 $17 Nxb3 28. Rxb3 Rfc8 $36 {[%mdl 2048] Black is in control.} 29. Qd1 (29. Rc2 $17 {was worth a try.}) 29... e5 $19 30. Rb1 Rd8 31. Qc2 d4 {aiming for ...dxe3.} 32. Rd1 Bd5 33. Raa1 (33. exd4 $142 Bxa2 34. Qxa2 exd4 35. Bd3) 33... Qe6 (33... dxe3 $19 34. fxe3 Qc5) 34. Ng5 $2 (34. exd4 $17 Bb3 35. d5 Bxc2 36. dxe6 Bxd1 37. Bxd1) 34... Qh6 $2 (34... Qg6 $1 $19 {[%cal Rg6c2] is more deadly.} 35. Qxg6 hxg6) 35. Qf5 $2 (35. e4 $17 {was forced.}) 35... Qg6 ({Weaker is} 35... c2 36. Rd3 $19) 36. Qxg6 hxg6 37. exd4 c2 {Black is clearly winning.} 38. Rdc1 Bc3 {[%mdl 64] Double Attack} 39. dxe5 Bxa1 40. Rxa1 {[#]} Rxa4 (40... Bc4 $142 $1 {[%mdl 512]} 41. Bg4 {[#]} (41. Bxc4 Rd1+) 41... Rxa4 $1 {[%mdl 512]}) 41. Rc1 Bb3 {Accuracy: White = 28%, Black = 58%.} 0-1

[Event "Mitropa Cup Open 2019"]
[Site "Radenci"]
[Date "2019.05.29"]
[Round "3.8"]
[White "Schmidek, Emil"]
[Black "Di Benedetto, Edoardo"]
[Result "0-1"]
[WhiteElo "2396"]
[BlackElo "2404"]
[Annotator "TA"]
[PlyCount "74"]
[EventDate "2019.05.27"]
[EventType "team-tourn"]
[EventCountry "SLO"]
[SourceTitle "playchess.com"]
[Source "ChessBase"]
[SourceQuality "1"]
[WhiteTeam "Germany"]
[BlackTeam "Italy"]
[WhiteTeamCountry "GER"]
[BlackTeamCountry "ITA"]

{[%evp 16,74,12,5,36,30,39,34,79,59,35,0,0,-35,-18,-61,0,0,47,44,17,0,111,113,137,131,157,145,158,89,240,237,263,254,352,-200,-203,-188,-196,-188,-197,-191,-168,-156,-169,-161,-160,-147,0,-42,0,-121,0,-448,-450,-426,-205,-29980,-29981,-2264,-2019]} 1. e4 e6 2. d4 d5 3. Nc3 Nf6 4. e5 Nfd7 5. f4 c5 6. Nf3 Nc6 7. Be3 Be7 8. Qd2 O-O 9. dxc5 Qa5 {C11: French: Classical System: 4 e5 and 4 Bg5 dxe4} (9... Nxc5 10. O-O-O a6 11. h4 b5 12. Bd3 b4 13. Bxc5 Bxc5 14. Na4 Ba7 15. Qe2 f5 16. g4 Ne7 17. Ng5 {0-1 (45) Caruana,F (2828)-Nyzhnyk,I (2638) chess.com INT 2019}) 10. O-O-O b6 11. Bb5 Nb4 {White is slightly better.} 12. a3 bxc5 {next ...Na2+ is good for Black.} 13. Bxd7 (13. axb4 cxb4 14. Na4 Qxb5 $17) 13... Bxd7 14. axb4 (14. f5 $5 Nc6 15. Bg5 Bxg5 16. Qxg5 $11) 14... cxb4 15. Nb1 Qa2 ({Black should try} 15... Rfc8 $1 $15) 16. Qd3 $146 ({Predecessor:} 16. Nd4 Rfc8 17. Qd3 {0-1 (62) Miciano,J (2224)-Nunbhakdi,T (2023) Johor 2017}) 16... Rfc8 17. Bd4 Ba4 18. Ne1 Bc5 (18... Rab8 $11) 19. Rf1 $16 Bxd4 20. Qxd4 Rc4 21. Qe3 $1 Rac8 {[%cal Rc4c2] ( -> ...Rxc2+)} 22. Rf2 $1 a5 $2 (22... Re4 $16 23. Qxa7 h6) 23. Rd4 $1 $18 R4c5 24. g4 Bxc2 25. Nxc2 $4 {[%mdl 8192]} (25. Rxc2 $18 {is the narrow road to win.} b3 26. Rc3 Rxc3+ 27. bxc3) 25... b3 $1 $19 {[%cal Rc5c2][%mdl 64] Pin} 26. Rdd2 {[#]} (26. Nc3 $2 Rxc3 27. bxc3 b2+ 28. Kd2 b1=Q $19) 26... a4 $1 {[%mdl 1024] Black has strong compensation.} 27. Qd4 (27. Nc3 $2 Rxc3 28. bxc3 b2+ 29. Kd1 b1=Q+ 30. Ke2 Qab3 $19) 27... Rc4 {[%mdl 64] Pin} 28. Qb6 Qa1 $40 {[%mdl 128] Black wants a kill.} 29. Qd6 {Strongly threatening Qa3.} R4c5 {[%mdl 64] Hoping for ...a3. Pin} 30. Qa6 {With the idea f5.} d4 31. f5 R8c6 (31... R5c6 $17 32. Qa7 (32. Qd3 $2 a3 $19) 32... bxc2 33. Rxc2 d3) 32. Qa8+ (32. Qb7 $11 exf5 33. e6 (33. gxf5 $2 Rc8 $19) 33... fxe6 34. gxf5) 32... Rc8 $17 33. Qa6 R8c6 (33... R5c6 $17 34. Qa7 (34. Qd3 $2 a3 $19) 34... bxc2 35. Rxc2 d3) 34. fxe6 $2 {[%mdl 8192]} (34. Qb7 $11 {and White stays safe.} exf5 35. e6 (35. gxf5 $2 Rc8 $19) 35... fxe6 36. gxf5 bxc2 37. Rxc2 Rxc2+ 38. Rxc2 Rxc2+ 39. Kxc2 d3+ 40. Kc1 d2+ 41. Kxd2 Qxb1 42. fxe6) 34... Rxa6 $19 35. Rxd4 {[%cal Rd4d8]} Kf8 ({Weaker is} 35... Rxc2+ 36. Rxc2 fxe6 37. Rc7 $19) (35... h6 $142 36. exf7+ Kh7 37. Rxa4 (37. f8=Q $2 a3 $19) 37... Qxa4) 36. Rd7 $2 (36. Rd8+ $19 Ke7 {[#]} 37. exf7 $1 {[%mdl 512]} Rxc2+ {[%mdl 64] Overworked Piece} 38. Rxc2 Kxf7 39. Rc5) 36... Rxc2+ 37. Rxc2 bxc2 {[%mdl 64] Pin. Accuracy: White = 53%, Black = 15%.} 0-1